000 00328nam a22001457a 4500
008 210310b ||||| |||| 00| 0 eng d
020 _a0155374656
041 _aeng
080 _24th
_a159.9
082 _a159.9
100 _a48
101 _aPSI
245 _aA History of Modern Psychology
_cSchultz,D.P
942 _2udc
_cBK
999 _c56267
_d56267